000 00196 a2200097 4500
001 9347
100 _aFisher, S N
245 _aThe middle east:
260 _a
_bRoutledge
_c
090 _c7512
_d7512
942 _aNUST-CAE
_cM
_c34170
999 _c244420
_d244420